Rekonštrukcia DK Zrkadlový háj - interiér

Uložené v:
Podrobná bibliografia
Hlavný autor: Pilátová, Eliška (Autor)
Ďalší autori: Kotradyová, Veronika, 1974- (Vedúci práce)
Médium: Rukopis Kniha
Jazyk:Slovak
Vydavateľské údaje: Bratislava 2015
Predmet:
On-line prístup:http://is.stuba.sk/zp/portal_zp.pl?podrobnosti=112492
Tagy: Pridať tag
Žiadne tagy, Buďte prvý, kto otaguje tento záznam!

MARC

LEADER 00000ntm a22000003a 4500
001 stuzp52415
003 SK-STU
005 20210305123346.1
007 ta
008 150427s2015----xo-----f-mn---000-0-slo-d
040 |a STU  |b slo 
041 0 |a slo 
100 1 |a Pilátová, Eliška  |u 055150  |4 aut  |U FA Fakulta architektúry  |U FAD Fakulta architektúry  |T FA Ústav interiéru a výstavníctva  |X 65596  |U A5150  |Y 396  |7 65596 
242 0 1 |a Reconstruction of the house of culture Zrkadlový háj - interior  |y eng 
245 1 0 |a Rekonštrukcia DK Zrkadlový háj - interiér 
260 |c 2015  |a Bratislava 
650 4 |a funkcia  |2 slo 
650 4 |a relax  |2 slo 
650 4 |a priestor  |2 slo 
650 4 |a function  |2 eng 
650 4 |a relax  |2 eng 
650 4 |a space  |2 eng 
700 1 |a Kotradyová, Veronika,  |d 1974-  |4 ths  |X 344  |7 A000000344 
856 4 |u http://is.stuba.sk/zp/portal_zp.pl?podrobnosti=112492  |u https://opac.crzp.sk/?fn=detailBiblioForm&sid=A7BD2F096A49022F25CC9737FE46 
SQL |a stuzp52415  |b DDP  |c SLO  |d Rekonštrukcia DK Zrkadlový háj - interiér  |e 65596  |f Pilátová, Eliška  |g 055150  |h 344  |i Kotradyová, Veronika  |j 20150603  |k 640  |l 05  |m http://is.stuba.sk/zp/portal_zp.pl?podrobnosti=112492  |n I-DZ  |o 2.2.6. dizajn